製紙業の100年 : 紙の文化と産業

Na minha lista:
Detalhes bibliográficos
Autor Corporativo: 日本経営史研究所
Formato: Livro
Idioma:Undetermined
Publicado em: 東京 王子製紙 1973
Assuntos:
Tags: Adicionar Tag
Sem tags, seja o primeiro a adicionar uma tag!
Thư viện lưu trữ: Trung tâm Học liệu Trường Đại học Cần Thơ
LEADER 00556nam a2200205Ia 4500
001 CTU_95294
008 210402s9999 xx 000 0 und d
082 |a 338.0952 
082 |b N691 
110 |a 日本経営史研究所 
245 0 |a 製紙業の100年 : 
245 0 |b 紙の文化と産業 
245 0 |c 日本経営史研究所 
260 |a 東京 
260 |b 王子製紙 
260 |c 1973 
650 |a Economic conditions,Japanese economy 
650 |z Japan 
904 |i Ngoc 
980 |a Trung tâm Học liệu Trường Đại học Cần Thơ